50 Best Star Wars Characters - Statistics

General Stats
  • This quiz has been taken 355 times
  • The average score is 19 of 50
Answer Stats
Number Answer % Correct
2 Darth Vader
97%
6 Luke Skywalker
97%
5 Princess Leia
94%
1 Han Solo
93%
9 Obi-Wan Kenobi
89%
4 Yoda
89%
20 The Emperor
86%
17 Chewbacca
82%
8 R2-D2
80%
12 C-3PO
78%
7 Rey
78%
19 Mace Windu
75%
45 Padme
71%
11 Darth Maul
66%
35 Count Dooku
63%
22 Kylo Ren
63%
3 Boba Fett
61%
25 Qui-Gon Jinn
55%
16 Jabba the Hutt
54%
27 Poe Dameron
51%
46 Jango Fett
50%
13 Lando Calrissian
47%
10 BB-8
42%
26 General Grievous
39%
18 Grand Moff Tarkin
26%
23 Admiral Ackbar
25%
15 Greedo
22%
28 Wicket
22%
42 Uncle Owen
18%
47 Aunt Beru
15%
37 Mon Mothma
14%
40 Wedge Antilles
14%
24 Bib Fortuna
11%
44 Sebulba
9%
41 Admiral Piett
8%
39 IG-88
8%
33 Lobot
8%
14 K-2SO
5%
31 Max Rebo
3%
34 Nien Nunb
3%
48 Oola
3%
30 Salacious B. Crumb
3%
43 Admiral Motti
1%
21 Chirrut Imwe
1%
36 Cornelius Evazan
1%
29 Figrin D'An and the Model Nodes
1%
32 Ponda Baba
1%
38 EV-9DN
0%
49 R5-D4
0%
50 Wat Tambor
0%
No matching quizzes found
Score Distribution
Percent of People with Each Score
Percentile by Number Answered
Your Score History
You have not taken this quiz